| 000 | 00386nam a2200145 i 4500 | ||
|---|---|---|---|
| 001 | bg | ||
| 245 | 0 |
_aAlgebra liniowa dla ekonometryków : _bpraca zbiorowa / _cpod red. Elżbiety Stolarskiej. |
|
| 260 |
_aWarszawa, _c1979. |
||
| 700 | 1 |
_aStolarska, Elżbieta. _eRed. |
|
| 040 | _cBPK | ||
| 041 | _apol | ||
| 080 | _a512.64 | ||
| 942 | _cKS | ||
| 008 | s pl f |000 0 pol | ||
| 999 |
_c18598 _d18598 |
||
| 856 |
_uhttp://koha.tu.koszalin.pl/cgi-bin/koha/opac-detail.pl?biblionumber=18598 _yKatalog online BPK |
||